00713nam a2200181 i 450000100060000000300090000600500170001500700030003200800410003510000560007624501730013226000380030530000370034350000560038060000350043671000370047185200230050844092ES-MaACL20250907063040.0t|030320s1937 cu ||||1| spa d1 aCéspedes y de Quesada, Carlos Manuel, d1871-193910aElogio del Dr Rodolfo Rodríguez de Armas / cacadémico de número leído por Carlos Manuel Céspedes y de Quesada en la sesión celebrada el 8 de julio de 1937. aLa Habana : bA. Nuñez, c1937. a45 p., 1 h. de lám. ; c24 cm. aPrecede al tít.: Academia de la Historia de Cuba.04aRodríguez de Armas, Rodolfo.2 aAcademia de la Historia de Cuba. aES-MaACLj1822-F-9